| 000 | 01134cam a2200277 4500 | ||
|---|---|---|---|
| 001 | ABS63481 | ||
| 008 | 000000n2001 000 0 eng u | ||
| 035 | _a(Sirsi) u110739 | ||
| 100 | _aRoss, J. | ||
| 245 | _aDon't let things slip through | ||
| 260 | _c2001 | ||
| 490 |
_aEstates Gazette _v(0104) 27 January 2001, 138-139(2) |
||
| 520 | _aThe second of two articles considering the avoidance of negligence in conveyancing. Advises that the extent of the impact of any covenants or rights that exist, or are likely to come into existence, must be examined carefully and that important terms must be clearly defined in writing. Notes that there is a need for solicitors to be proactive and actively monitor the process if they are to avoid charges of negligence on the grounds of inadequate supervision. | ||
| 590 | _aABS | ||
| 650 | _aBREAK CLAUSES | ||
| 650 | _aCOVENANTS | ||
| 650 | _aLEASES | ||
| 650 | _aLIABILITY | ||
| 650 | _aNEGLIGENCE | ||
| 650 | _aPROPERTY TRANSACTIONS | ||
| 650 | _aRIGHTS | ||
| 650 | _aSOLICITORS | ||
| 690 | _aPROPERTY AND LAND LAW-CONVEYANCING | ||
| 700 | _aFenn, K. | ||
| 942 | _n0 | ||
| 999 |
_c66004 _d66004 |
||